000 00551 a2200205 4500
001 63728
005 20260407155936.0
008 260407a1961 arg spa d
003 AR-UNSa-BCEJYS
040 _aAR-UNSa-BCEJYS
_bspa
_cAR-UNSa-BCEJYS
080 _a517.3
_xCálculo integral. Integración
245 1 0 _aAdvanced calculus
250 _a2a. ed.
264 1 _aNew Jersey :
_bPrentice-Hall
_c1961
300 _axvi, 520 p.
_c23 cm.
041 _aspa
942 _cBK
590 _aniveau_biblio:m niveau_hierar:0
100 1 _aWidder, David V.
999 _c8288
_d8288